00488nam a2200133 a 4500008004100000050002400041110008900065245003100154260006100185300001800246350000900264650003400273710004700307110713s2010 ||||||||||||||||| || u aGOV.ZAM(02)2010/17A aGovernment of the Republic of Zambia (GRZ). Ministry of Energy and Water Development10aNational Water Policy 2010 aLusakabGovernment of the Republic of Zambia (GRZ)c2010 av, 49p. :ill. a0.00 aNATIONAL WATER POLICY--ZAMBIA aGovernment of the Republic of Zambia (GRZ)